| 000 | 00543cam a2200145 4500500 | ||
|---|---|---|---|
| 005 | 20260208010620.0 | ||
| 041 | _afre | ||
| 042 | _adc | ||
| 100 | 1 | 0 |
_aVaysse, Jean-Marie _eauthor |
| 245 | 0 | 0 | _aValérie Kokoszka, La médiation de l’expérience, Paris, Le Cerf, 2005, 200 p. |
| 260 | _c2007. | ||
| 500 | _a27 | ||
| 786 | 0 | _nRevue philosophique de la France et de l'étranger | 132 | 2 | 2007-06-01 | p. 201zi-265zi | 0035-3833 | |
| 856 | 4 | 1 | _uhttps://shs.cairn.info/revue-philosophique-2007-2-page-201zi?lang=fr&redirect-ssocas=7080 |
| 999 |
_c1657375 _d1657375 |
||